|
|
|
|
| LEADER |
00000nam a2200000 a 4500 |
| 001 |
vtls001106034 |
| 003 |
SK-MaSNL |
| 005 |
20260301092538.0 |
| 008 |
250414s1977 xo 0 slo |
| 015 |
|
|
|a SNBA1977
|
| 035 |
|
|
|a SNK000048876
|
| 040 |
|
|
|a SNK
|b slo
|c SNK
|e AACR2
|
| 041 |
0 |
|
|a slo
|
| 044 |
|
|
|a xo
|c SK
|
| 080 |
|
|
|a 371.3:808.54-56:373.5/.6(024)
|2 1981
|
| 080 |
|
|
|a 808.54-56
|2 1981
|
| 080 |
|
|
|a 373.5/.6(024)
|2 1981
|
| 080 |
|
|
|a 373.5/.6
|2 1981
|
| 080 |
|
|
|a 371.3(024)
|2 1981
|
| 080 |
|
|
|a 371.3
|2 1981
|
| 080 |
|
|
|a 808.54-56(024)
|2 1981
|
| 100 |
1 |
|
|a Ihnátková, Natália,
|d 1939-
|4 aut
|9 217673
|
| 245 |
1 |
0 |
|a Slovenský jazyk
|b Odborno-metodická príručka na vyučovanie v 4. ročníku gymnázia a stredných odborných škôl
|c Natália IHNÁTKOVÁ, Jozef BALLAY ; Natália Ihnátková, Jozef Ballay
|
| 250 |
|
|
|a 1. vyd.
|
| 260 |
|
|
|a Bratislava
|b Slovenské pedagogické nakladateľstvo
|c 1977
|e Nitra
|f Nitrianske tlačiarne
|
| 300 |
|
|
|a 131 s., 5,19 AH
|c 20 cm
|
| 366 |
|
|
|e 1300 výtl.
|
| 490 |
0 |
|
|a Na pomoc učiteľom
|
| 500 |
|
|
|a Lit. 20. 20 zázn. lit. o knihách a čas. v jaz. slov., čes. a rus.
|
| 700 |
1 |
|
|a Ballay, Jozef
|4 aut
|9 5820
|
| 700 |
1 |
|
|a Ihnátková, Natália,
|d 1939-
|4 aut
|9 217673
|
| 852 |
|
|
|a Slovenská národná knižnica
|
| 954 |
|
|
|a slovenčina
|a sloh
|a vyučovanie
|
| 958 |
|
|
|a OND
|
| 958 |
|
|
|a NB
|
| 958 |
|
|
|a TL
|
| 999 |
|
|
|c 674328
|d 676258
|
| 952 |
|
|
|a SNK
|b SNK
|y VYP
|7 0
|p 17A0823395
|o snkSC 41726 D1
|i snkKSP 4591/77
|0 0
|1 0
|4 0
|d 2014-06-20
|l 0
|r 2026-02-23 19:37:36
|w 2026-02-23
|